|
|
|
|
| LEADER |
02627nam a2200697 i 4500 |
| 001 |
nkc20243611569 |
| 003 |
CZ PrNK |
| 005 |
20240801132412.0 |
| 007 |
ta |
| 008 |
240614s2024 xr a e 000 0 cze |
| 015 |
|
|
|a cnb003611569
|
| 020 |
|
|
|a 978-80-7028-605-0
|q (brožováno)
|z 807028605-0
|
| 035 |
|
|
|a (OCoLC)1455302277
|
| 040 |
|
|
|a OLA001
|b cze
|d ABA001
|e rda
|
| 041 |
0 |
|
|a cze
|b eng
|
| 043 |
|
|
|a e-xr---
|b e-xr-jm
|2 czenas
|
| 045 |
|
|
|a y2y2
|
| 072 |
|
7 |
|a 793.3
|x Pohybové umění. Tanec
|2 Konspekt
|9 3
|
| 080 |
|
|
|a 793.31
|2 MRF
|
| 080 |
|
|
|a 793.31(437.32)
|2 MRF
|
| 080 |
|
|
|a 392/394
|2 MRF
|
| 080 |
|
|
|a 398
|2 MRF
|
| 080 |
|
|
|a 303.442.23
|2 MRF
|
| 080 |
|
|
|a 39:001.891
|2 MRF
|
| 080 |
|
|
|a (437.322)
|2 MRF
|
| 080 |
|
|
|a (083.824)
|2 MRF
|
| 100 |
1 |
|
|a Colledani, Věra
|7 mzk20211101030
|4 aut
|
| 245 |
1 |
0 |
|a Zavádka na Hanáckém Slovácku :
|b katalog k putovní výstavě /
|c Věra Colledani, Josef Šuba
|
| 250 |
|
|
|a První vydání
|
| 264 |
|
1 |
|a Brno :
|b Moravské zemské muzeum,
|c 2024
|
| 300 |
|
|
|a 149 stran :
|b ilustrace (převážně barevné) ;
|c 23 cm
|
| 336 |
|
|
|a text
|b txt
|2 rdacontent
|
| 336 |
|
|
|a statický obraz
|b sti
|2 rdacontent
|
| 337 |
|
|
|a bez média
|b n
|2 rdamedia
|
| 338 |
|
|
|a svazek
|b nc
|2 rdacarrier
|
| 504 |
|
|
|a Obsahuje bibliografii a bibliografické odkazy
|
| 546 |
|
|
|a Anglické resumé
|
| 648 |
|
4 |
|a 2020-2023
|
| 648 |
|
7 |
|a 2011-2030
|7 ch1138626
|2 czenas
|
| 650 |
0 |
7 |
|a moravské lidové tance
|7 ph122979
|z Česko
|2 czenas
|
| 650 |
0 |
7 |
|a rituály a obřady
|7 ph125170
|z Česko
|2 czenas
|
| 650 |
0 |
7 |
|a folklor
|7 ph114560
|z Česko
|2 czenas
|
| 650 |
0 |
7 |
|a terénní výzkum
|7 ph496683
|z Česko
|y 2011-2030
|2 czenas
|
| 650 |
0 |
7 |
|a etnografický výzkum
|7 ph120017
|z Česko
|y 2011-2030
|2 czenas
|
| 650 |
0 |
9 |
|a Moravian folk dances
|z Czechia
|2 eczenas
|
| 650 |
0 |
9 |
|a rites and ceremonies
|z Czechia
|2 eczenas
|
| 650 |
0 |
9 |
|a folklore
|z Czechia
|2 eczenas
|
| 650 |
0 |
9 |
|a field research
|z Czechia
|y 2011-2030
|2 eczenas
|
| 650 |
0 |
9 |
|a ethnographical research
|z Czechia
|y 2011-2030
|2 eczenas
|
| 651 |
|
7 |
|a Hanácké Slovácko (Česko)
|7 ge116940
|2 czenas
|
| 651 |
|
9 |
|a Hanácké Slovácko Region (Czechia)
|2 eczenas
|
| 653 |
0 |
|
|a zavádka
|
| 655 |
|
7 |
|a katalogy výstav
|7 fd132536
|2 czenas
|
| 655 |
|
9 |
|a exhibition catalogs
|2 eczenas
|
| 700 |
1 |
|
|a Šuba, Josef,
|d 1986-
|7 mzk20191023341
|4 aut
|
| 910 |
2 |
|
|a BOA001
|b 2-1527.639
|
| 990 |
|
|
|a BK
|
| 995 |
|
|
|a 01
|
| 991 |
|
|
|b 202407
|c NOV
|
| 996 |
6 |
|
|b 2610973918
|c 2-1527.639
|l MZK
|r Sklad / do 1 hodiny
|n 3
|p p.v.
|w 001970590
|u 000010
|a 1
|e BOA001
|j MZK50
|s P
|
| 996 |
7 |
|
|b 2610973919
|c 2-1527.639
|l MZK
|r Sklad / do 1 hodiny
|n 1
|p p.v.
|w 001970590
|u 000020
|a 1
|e BOA001
|j MZK50
|s A
|